Complétez ces expressions avec des animaux - Statistiques

Statistiques générales
  • Ce quiz a été pris 4 269 fois
  • Le résultat moyen est 11 sur 26
Statistiques - réponses
Hint Réponse % Correct
Un froid de _____ canard
98%
Poser un _____ lapin
93%
Verser des larmes de _____ crocodile
86%
Crier au _____ loup
85%
Doux comme un _____ agneau
76%
Copain comme _____ cochon
73%
Avoir une _____ au plafond araignée
67%
Quand le chat n’est pas là, les _____ dansent souris
63%
Prendre le _____ par les cornes taureau
57%
Fort comme un _____ boeuf
55%
Avaler des _____ couleuvres
55%
Vendre la peau de l’_____ avant de l’avoir tué ours
50%
Passer du _____ à l'âne coq
46%
Avoir un _____ dans la gorge chat
40%
Tête de _____ linotte
40%
Rire comme une _____ baleine
39%
Un mal de _____ chien
31%
_____ à cinq pattes mouton
19%
Malin comme un _____ singe
16%
Devenir _____ chèvre
11%
Se tailler la part du _____ lion
10%
Laid comme un _____ pou
10%
Il pleut comme _____ qui pisse vache
10%
Rusé comme un _____ renard
6%
Avoir une fièvre de _____ cheval
5%
Être fait comme un _____ rat
4%
Aucun quiz correspondant
Distribution des résultats
% des personnes avec chaque résultat
Percentile par nombre de réponses
Votre historique - résultats
Vous n’avez pas pris ce quiz